Control de procesos

Guardat en:
Dades bibliogràfiques
Autor principal: Roca Cusidó, Alfred (Autor)
Format: Llibre
Idioma:espanyol
Publicat: Ciudad de México Alfaomega 2002
Edició:2a. ed
Matèries:
Etiquetes: Afegir etiqueta
Sense etiquetes, Sigues el primer a etiquetar aquest registre!

MARC

LEADER 00000nam a2200000 a 4500
001 UCL8344
003 CL-VaPUC
008 040618e20020000MX |||||||||||||||||spa|d
020 |a 970150724X 
082 0 4 |a 629.895  |b ROC  |2 21 
100 0 |a Roca Cusidó, Alfred  |e author  |9 486279 
245 1 0 |a Control de procesos 
250 |a 2a. ed 
300 |a 606 p 
942 |c BK 
945 |d 20040618 00:00:00  |a cmena 
260 |a Ciudad de México  |b Alfaomega  |c 2002 
650 0 |a Control de procesos  |9 259880 
650 0 |a Transformada de Laplace  |9 422308 
650 0 |a Control automático  |9 259890 
583 |a last modification  |c 20040618 00:00:00  |k Rodrigo Vera 
999 |c 309685  |d 309683 
952 |0 0  |1 2  |4 0  |6 629_895000000000000_ROC_2002  |7 0  |8 R  |9 377335  |a BIBING  |b BIBING  |d 2019-11-21  |i 4029100  |o 629.895 ROC 2002  |p 4029100  |r 2019-11-21  |w 2019-11-21  |y BK_R  |k EIE 
952 |0 0  |1 0  |2 ddc  |4 0  |6 629_895000000000000_ROC_2002  |7 0  |8 A  |9 377336  |a BIBING  |b BIBING  |c RES  |d 2019-11-21  |i 4160754  |o 629.895 ROC 2002  |p 4160754  |r 2025-01-20  |w 2019-11-21  |y BK  |k EIE